Advanced Practice Nursing Procedures (Record no. 158004)
[ view plain ]
| 000 -LEADER | |
|---|---|
| fixed length control field | 00403nam a2200145Ia 4500 |
| 008 - FIXED-LENGTH DATA ELEMENTS--GENERAL INFORMATION | |
| fixed length control field | 230411s9999 xx 000 0 und d |
| 020 ## - INTERNATIONAL STANDARD BOOK NUMBER | |
| International Standard Book Number | 978-93-5152-873-9 |
| 041 ## - LANGUAGE CODE | |
| Language code of text/sound track or separate title | eng |
| 082 ## - DEWEY DECIMAL CLASSIFICATION NUMBER | |
| Classification number | F/610.730 1/COL/B08114 |
| 100 ## - MAIN ENTRY--PERSONAL NAME | |
| Personal name | Colyar Margaret |
| 9 (RLIN) | 179827 |
| 245 ## - TITLE STATEMENT | |
| Title | Advanced Practice Nursing Procedures |
| 260 ## - PUBLICATION, DISTRIBUTION, ETC. (IMPRINT) | |
| Name of publisher, distributor, etc. | Jaypee Brothers |
| Place of publication, distribution, etc. | Philadelphia |
| Date of publication, distribution, etc. | 2015 |
| 300 ## - PHYSICAL DESCRIPTION | |
| Extent | 574p |
| Withdrawn status | Lost status | Damaged status | Not for loan | Collection code | Home library | Current library | Date acquired | Vendor | Cost, normal purchase price | Bill number | Total Checkouts | Full call number | Barcode | Date last seen | Cost, replacement price | Bill Date | Koha item type | Original Barcode |
|---|---|---|---|---|---|---|---|---|---|---|---|---|---|---|---|---|---|---|
| Smt. Bakul Tambat Institute of Nursing Education | Smt. Bakul Tambat Institute of Nursing Education | 24/10/2015 | Jaypee Brothers Medical Publishers | 495.00 | I-191 | F 610.730 1 COL B08114 | BTIN-BK-8114 | 11/04/2023 | 346.50 | 24/10/2015 | Books | B08114 |